000 00308nam a2200109Ia 4500
008 171211s9999 xx 000 0 und d
245 _aNX 9.0 for Designers
245 _cCADCIM Technologies and Sham Tickoo
260 _c2014
650 _xDrawing
856 _uhttp://down.ebook777.com/008/978-1936646845.pdf
999 _c348001
_d348001